00382nam a2200121Ia 4500082001200000100001500012245005600027260002900083300001400112650005700126650006000183710001700243 aTS.0856 aSaroj Bala 0aUniversity library finance : A case study of Punjab c1995bPunjabi University avii+174p. aLIBRARIES, UNIVERSITY AND COLLEGE - FINANCE - PUNJAB aUNIVERSITY LIBRARIES//LIBRARIES, UNIVERSITY AND COLLEGE aBaldev Singh